"Peggy Sue nie wyszła za mąż" - Myslovitz tekst - Statystyki

Ogólne statystyki
  • Ten quiz został rozwiązany 39 razy
  • Średni wynik to 118 z 152
Statystyki odpowiedzi
Hint Odpowiedź % Poprawnych
w
100%
mąż
91%
na
91%
nie
91%
Peggy Sue
91%
wyszła
91%
z
91%
za
91%
bym
87%
gdyby
83%
gdybym
83%
i
83%
to
83%
Tobą
83%
więc
83%
Więc
83%
bądź
78%
być
78%
jak
78%
mógł
78%
. Nawet
78%
nawet
78%
pozwól
78%
tak
78%
już
74%
miał
74%
mieszka
74%
mną
74%
prosty
74%
tu
74%
Ty
74%
upadł
74%
że
74%
ze
74%
będziesz
70%
dębowe
70%
kiedy
70%
nisko
70%
prawie
70%
szaleństwo
70%
było
65%
ciągle
65%
do
65%
końca
65%
krzesło
65%
miejsce
65%
moje
65%
przyjdź
65%
Tylko
65%
tylko
65%
wtedy
65%
zewnątrz
65%
dam
61%
naprawdę
61%
radę
61%
sobie
61%
pójdziesz
48%
słońca
48%
wyjdę
48%
chciał
43%
ciemności
43%
podążać
39%
ślepy
39%
Nie znaleziono quizów pasujących do podanych kryteriów
Rozkład punktacji
Procent ludzi z każdym wynikiem
Percentyl według liczby udzielonych odpowiedzi
Twoja historia wyników
Nie rozwiązałeś tego quizu